Văn học vô sản Nhật Bản sau 1945 qua Cánh đồng Bansu và tập truyện Sợi xích trắng /

Salvato in:
Dettagli Bibliografici
Autore principale: Lê Ngọc Thúy.
Natura: Articolo
Lingua:Vietnamese
Tags: Aggiungi Tag
Nessun Tag, puoi essere il primo ad aggiungerne! !
Thư viện lưu trữ: Thư viện Trường Đại học Đà Lạt
LEADER 00852nam a2200229 4500
001 DLU170182110
005 ##20171128
040 # # |a DLU  |b vie 
041 # # |a vie 
044 # # |a vn 
100 # # |a Lê Ngọc Thúy. 
245 # # |a Văn học vô sản Nhật Bản sau 1945 qua Cánh đồng Bansu và tập truyện Sợi xích trắng /  |c Lê Ngọc Thúy. 
773 # # |t Văn học Việt Nam và Nhật Bản trong bối cảnh toàn cầu hoá : Kỷ yếu hội thảo quốc tế = Vietnamese and Japanese literature in the globalization context  |g 2016, tr. 376-383 
920 # # |a Phòng Sau đại học -- Trung tâm Thông tin - Thư viện Trường Đại học Đà Lạt 
994 # # |a DLU 
900 # # |a True 
911 # # |a Hoàng Thị Huyền 
925 # # |a G 
926 # # |a A 
927 # # |a BB 
980 # # |a Thư viện Trường Đại học Đà Lạt